000 00394nam a2200169Ia 4500
008 230524s9999 xx 000 0 und d
020 _a8170297532
082 _a4.166
_bKAN
100 _aYashvant Kanetkar
245 0 _aUnix Shell Programming
250 _a1ST
260 _aNEW DELHI
_bBPB
_c1996
300 _aXV;486
500 _aQuantity Number: 8
650 _aComp-Sc
942 _cBK
999 _c26174
_d26174